S'Winter Lyrics Quiz Stats

Quiz not verified by Sporcle

Challenge
Share
Tweet
Embed
Score 0/64 Timer 04:00
0 Plays Today
% Correct
S'Winter
97.3%
S'Winter
97.3%
S'Winter
97.3%
S'Winter
97.3%
S'Winter
97.3%
S'Winter
97.3%
it's
94.6%
It's
94.6%
a
94.6%
It's
94.6%
a
94.6%
it's
94.6%
It's
94.6%
the
83.8%
the
83.8%
and
83.8%
And
83.8%
and
83.8%
and
83.8%
snow
81.1%
on
67.6%
time
67.6%
time
67.6%
all
62.2%
there's
59.5%
There's
59.5%
Well
56.8%
ground
56.8%
sun's
56.8%
I'm
56.8%
around
54.1%
ski
54.1%
% Correct
But
51.4%
'Cause
51.4%
Because
51.4%
snowball
45.9%
also
45.9%
Cold
45.9%
so
45.9%
sleigh
40.5%
beating
40.5%
down
40.5%
fight
40.5%
S'Wonderland
40.5%
bells
37.8%
fly
35.1%
kite
35.1%
sunny,
35.1%
'bout
35.1%
You
35.1%
you
35.1%
'bout
35.1%
yes,
32.4%
Talkin'
32.4%
Talkin'
32.4%
that's
29.7%
right,
27%
freeze
24.3%
can
21.6%
while
21.6%
get
21.6%
grand
18.9%
tanned
18.9%
Unusual
16.2%

You're not logged in!

Compare scores with friends on all Sporcle quizzes.
Sign Up with Email
OR
Log In

You Might Also Like...

Show Comments

Extras

Top Quizzes Today


Score Distribution

Your Account Isn't Verified!

In order to create a playlist on Sporcle, you need to verify the email address you used during registration. Go to your Sporcle Settings to finish the process.